000 01009nam a2200277 c 4500
003 BLK
005 20240329140930.0
008 180408b bul|||||r ||||||| ||bul||
010 _aKNG00042282000
020 _a0-07-067434-5
_bиздат.: McGraw-Hill
040 _aBLK
041 _aeng
_cENG
080 _aАнглийски език
_b811.111
_x(075.3)
_z811.111(075.3)
080 _aЛитературна дейност. Редактиране. Култура на речта. Стилистика. Литературна техника
_b808
_x(075.3)
_z808(075.3)
100 1 _aVesterman, William
_eпърви автор
_927290
139 _aVESTERMAN, William
_b
245 1 0 _aThe college writer's reader
_bEssays on student issues
_cWilliam Vesterman.
260 New York et al.
_bMcGraw-Hill
_c1989
300 _a542 c
_c23 cm
852 _aЦб 176584
856 4 _qpdf
_u
856 4 _qpdf
_u
942 _cKNG
_n0
_01
944 _aCR
_c15.01.2003
_k30556
_lТеодора Пейчева-Дянкова
944 _aED
_c15.01.2003
_k
999 _c39001
_d39001